Statistics for Premier League and First Division Champions 1888-2022

Click here to take the quiz!

General Stats

  • This quiz has been taken 2,485 times
    (984 since last reset)
  • The average score is 107 of 123

Answer Stats

YearAnswer% Correct
1930-31 | 1932-33 | 1933-34 | +10 othersArsenal
99%
1954-55 | 2004-05 | 2005-06 | +3 othersChelsea
99%
1900-01 | 1905-06 | 1921-22 | +16 othersLiverpool
99%
1936-37 | 1967-68 | 2011-12 | +5 othersManchester City
99%
1907-08 | 1910-11 | 1951-52 | +17 othersManchester United
99%
2015-16Leicester City
97%
1911-12 | 1913-14 | 1994-95Blackburn Rovers
91%
1950-51 | 1960-61Tottenham Hotspur
90%
1893-94 | 1895-96 | 1896-97 | +4 othersAston Villa
88%
1890-91 | 1914-15 | 1927-28 | +6 othersEverton
88%
1904-05 | 1906-07 | 1908-09 | 1926-27Newcastle United
86%
1977-78Nottingham Forest
86%
1968-69 | 1973-74 | 1991-92Leeds United
80%
1891-92 | 1892-93 | 1894-95 | +3 othersSunderland
72%
1953-54 | 1957-58 | 1958-59Wolverhampton Wanderers
71%
1897-98Sheffield United
61%
1920-21 | 1959-60Burnley
54%
1971-72 | 1974-75Derby County
54%
1888-89 | 1889-90Preston North End
53%
1919-20West Bromwich Albion
52%
1961-62Ipswich Town
49%
1948-49 | 1949-50Portsmouth
49%
1902-03 | 1903-04 | 1928-29The Wednesday
48%
1923-24 | 1924-25 | 1925-26Huddersfield Town
42%
1929-30Sheffield Wednesday
29%

Score Distribution

Percentile by Number Answered

Percent of People with Each Score

Your Score History

You have not taken this quiz since the last reset